[Event "Titled Tuesday intern op 01st Apr Early"]
[Site "Chess.com INT"]
[Date "2025.04.01"]
[Round "3"]
[White "Burmakin, Vladimir"]
[Black "Devagharan, Devina"]
[Result "1/2-1/2"]
[WhiteElo "2435"]
[BlackElo "1860"]
[PlyCount "88"]
[EventDate "2025.04.01"]
[EventType "swiss (blitz)"]
[EventRounds "11"]
[EventCountry "USA"]
[SourceTitle "CB15_2025"]
[SourceDate "2025.04.09"]
[SourceVersion "1"]
[SourceVersionDate "2025.04.09"]
[SourceQuality "1"]

1. c4 e6 2. g3 d5 3. Bg2 Be7 4. Nf3 Nf6 5. 0-0 0-0 6. d4 Ne4 7. Nbd2 c6 8. Qc2 f5 9. Ne5 Nd7 10. Ndf3 Bf6 11. b3 Nxe5 12. Nxe5 Qc7 13. Nf3 g6 14. Bf4 Qg7 15. Be5 Ng5 16. Bxf6 Nxf3+ 17. exf3 Qxf6 18. Rad1 Bd7 19. f4 Rac8 20. c5 g5 21. fxg5 Qxg5 22. f4 Qf6 23. Rfe1 Be8 24. Re5 Bh5 25. Rde1 Rce8 26. b4 Bf7 27. Qe2 Kg7 28. b5 h5 29. bxc6 bxc6 30. Qa6 Rc8 31. Qxa7 Kg8 32. Qb6 h4 33. Kf2 hxg3+ 34. hxg3 Rb8 35. Qxc6 Rb2+ 36. R1e2 Rfb8 37. Qa4 Bh5 38. Bf3 Bxf3 39. Kxf3 Qh6 40. Qa6 Qh1+ 41. Kf2 Qh2+ 42. Kf3 Qh1+ 43. Kf2 Qh2+ 44. Kf3 Qh1+ 1/2-1/2

[Event "Titled Tuesday intern op 01st Apr Early"]
[Site "Chess.com INT"]
[Date "2025.04.01"]
[Round "2"]
[White "Gutierrez Espinosa, Karen"]
[Black "Devagharan, Devina"]
[Result "0-1"]
[WhiteElo "2033"]
[BlackElo "1860"]
[PlyCount "162"]
[EventDate "2025.04.01"]
[EventType "swiss (blitz)"]
[EventRounds "11"]
[EventCountry "USA"]
[SourceTitle "CB15_2025"]
[SourceDate "2025.04.09"]
[SourceVersion "1"]
[SourceVersionDate "2025.04.09"]
[SourceQuality "1"]

1. e4 c6 2. d4 d5 3. Nc3 dxe4 4. Nxe4 Nf6 5. Nxf6+ exf6 6. c3 Bd6 7. Bd3 0-0 8. Ne2 Re8 9. Qc2 g6 10. 0-0 Nd7 11. Re1 Qc7 12. h3 Nf8 13. Be3 b6 14. Rad1 Bb7 15. b3 Rad8 16. c4 f5 17. Nc3 Bf4 18. Bxf4 Qxf4 19. Re2 Qxd4 20. Rxe8 Rxe8 21. Bxf5 Qf6 22. Bg4 Bc8 23. Bxc8 Rxc8 24. Ne4 Qe5 25. c5 Ne6 26. cxb6 axb6 27. Nd6 Rd8 28. Qxc6 Nd4 29. Rxd4 Qxd4 30. Nc4 Qa1+ 31. Kh2 Qxa2 32. Qxb6 Qa8 33. Ne3 Rb8 34. Qd4 Rd8 35. Qf6 Qb8+ 36. g3 Qd6 37. Qf3 Kg7 38. Ng4 Qd4 39. b4 Qb2 40. b5 Rd2 41. Kg2 Rc2 42. Qe3 Kf8 43. b6 Qb5 44. h4 Rc8 45. Nf6 Qc6+ 46. Ne4 Rb8 47. Qf4 f5 48. f3 Rxb6 49. Ng5 Rb2+ 50. Kh3 Rb7 51. Qe5 Qd7 52. Qh8+ Ke7 53. Qxh7+ Kd8 54. Qxg6 Qe7 55. Qc6 Rc7 56. Qd5+ Kc8 57. Qa8+ Kd7 58. f4 Qd6 59. Qg8 Kc6 60. Qc4+ Kb7 61. Qb5+ Ka7 62. Qa5+ Kb7 63. Qb5+ Kc8 64. Qe8+ Kb7 65. Ne6 Re7 66. Qb5+ Kc8 67. Nc5 Rc7 68. Na6 Rd7 69. Qb8+ Qxb8 70. Nxb8 Kxb8 71. h5 Rg7 72. Kh4 Rg4+ 73. Kh3 Kc7 74. h6 Rg6 75. Kh4 Rxh6+ 76. Kg5 Rh3 77. Kxf5 Rxg3 78. Ke6 Kd8 79. f5 Ke8 80. f6 Kf8 81. f7 Rf3 0-1

[Event "Titled Tuesday intern op 11th Mar Late"]
[Site "Chess.com INT"]
[Date "2025.03.11"]
[Round "4"]
[White "Chen, Ryo"]
[Black "Devagharan, Devina"]
[Result "1-0"]
[WhiteElo "2419"]
[BlackElo "1860"]
[PlyCount "63"]
[EventDate "2025.03.11"]
[EventType "swiss (blitz)"]
[EventRounds "11"]
[EventCountry "USA"]
[SourceTitle "CB12_2025"]
[SourceDate "2025.03.19"]
[SourceVersion "1"]
[SourceVersionDate "2025.03.19"]
[SourceQuality "1"]

1. e4 c6 2. Nf3 d5 3. d3 g6 4. e5 Bg7 5. d4 c5 6. dxc5 Nc6 7. Bb5 a6 8. Bxc6+ bxc6 9. h3 Qa5+ 10. c3 Qxc5 11. 0-0 Nh6 12. Re1 0-0 13. Nbd2 f6 14. Nb3 Qa7 15. Be3 Qc7 16. exf6 exf6 17. Bc5 Rd8 18. Re7 Bd7 19. Qd2 Re8 20. Rae1 Nf5 21. Rxe8+ Rxe8 22. Rxe8+ Bxe8 23. Nfd4 Nxd4 24. Nxd4 Bf7 25. Qe2 Qd7 26. Qxa6 Be8 27. a4 f5 28. a5 f4 29. Qe2 Kf7 30. a6 Bxd4 31. cxd4 Qc7 32. a7 1-0

[Event "Titled Tuesday intern op 04th Feb Late"]
[Site "Chess.com INT"]
[Date "2025.02.04"]
[Round "1"]
[White "Devagharan, Devina"]
[Black "Lima, Vinicius Taishun"]
[Result "0-1"]
[WhiteElo "1860"]
[BlackElo "1975"]
[PlyCount "100"]
[EventDate "2025.02.04"]
[EventType "swiss (blitz)"]
[EventRounds "11"]
[EventCountry "USA"]
[SourceTitle "CB07_2025"]
[SourceDate "2025.02.12"]
[SourceVersion "1"]
[SourceVersionDate "2025.02.12"]
[SourceQuality "1"]

1. d4 d5 2. c4 c6 3. Nc3 Nf6 4. cxd5 cxd5 5. Bf4 a6 6. e3 Bf5 7. Nf3 Nc6 8. Ne5 e6 9. Bd3 Bxd3 10. Qxd3 Be7 11. 0-0 0-0 12. Rac1 Rc8 13. Rfd1 b5 14. Qe2 Na5 15. b3 Ba3 16. Rc2 Ne4 17. Nb1 Bb4 18. Nd3 Be7 19. f3 Nf6 20. Nc5 Nh5 21. Be5 f6 22. Nxe6 Rxc2 23. Qxc2 Qc8 24. Qxc8 Rxc8 25. Bg3 Nxg3 26. hxg3 Rc2 27. e4 Rxa2 28. exd5 Nxb3 29. Nc3 Rc2 30. Ne4 Kf7 31. Nf4 f5 32. Nf2 Rc4 33. Ne2 Bf6 34. d6 Nxd4 35. Nxd4 Rxd4 36. Rc1 Rxd6 37. Rc7+ Kg6 38. Rc2 a5 39. Nh3 a4 40. Nf4+ Kf7 41. Rc7+ Be7 42. Kf2 Ra6 43. Rb7 a3 44. Nd5 a2 45. Rxe7+ Kf8 46. Re2 a1Q 47. Nc7 Ra2 48. Nd5 Rxe2+ 49. Kxe2 Qa2+ 50. Ke3 Qxd5 0-1

[Event "Titled Tuesday intern op 09th Jul Late"]
[Site "Chess.com INT"]
[Date "2024.07.09"]
[Round "6"]
[White "Devagharan, Devina"]
[Black "Slovineanu, Viacheslav"]
[Result "0-1"]
[WhiteElo "1860"]
[BlackElo "2412"]
[PlyCount "94"]
[EventDate "2024.07.09"]
[EventType "swiss (blitz)"]
[EventRounds "11"]
[EventCountry "USA"]
[SourceTitle "EXT 2025"]
[Source "ChessBase"]
[SourceDate "2024.10.14"]
[SourceVersion "1"]
[SourceVersionDate "2024.10.14"]
[SourceQuality "1"]

1. d4 Nf6 2. c4 e6 3. Nc3 d5 4. cxd5 Nxd5 5. e4 Nxc3 6. bxc3 c5 7. Nf3 cxd4 8. cxd4 Bb4+ 9. Bd2 Bxd2+ 10. Qxd2 0-0 11. Be2 Nd7 12. 0-0 b6 13. Rac1 Bb7 14. Qe3 Rc8 15. Nd2 Qe7 16. Nc4 Ba6 17. Nb2 Bxe2 18. Qxe2 Qb4 19. a3 Qb3 20. Nd3 Rxc1 21. Rxc1 Qxa3 22. h4 h6 23. g3 Nf6 24. Rd1 Rd8 25. Ne5 Qd6 26. Nc4 Qb4 27. e5 Nd5 28. Nd6 Rxd6 29. exd6 Qxd6 30. Rc1 Qd7 31. Qe4 a5 32. g4 Qd8 33. h5 b5 34. Qd3 b4 35. Qe4 a4 36. f4 a3 37. f5 Qd7 38. fxe6 Qxe6 39. Qd3 g6 40. hxg6 Qxg6 41. Qb5 Qxg4+ 42. Kh1 Qf3+ 43. Kh2 Qf4+ 44. Kh3 Qxc1 45. Qe8+ Kg7 46. Qe5+ Nf6 47. Qg3+ Qg5 0-1

[Event "Titled Tuesday intern op 09th Jul Late"]
[Site "Chess.com INT"]
[Date "2024.07.09"]
[Round "1"]
[White "Kleiman, Jake"]
[Black "Devagharan, Devina"]
[Result "0-1"]
[WhiteElo "2399"]
[BlackElo "1860"]
[PlyCount "110"]
[EventDate "2024.07.09"]
[EventType "swiss (blitz)"]
[EventRounds "11"]
[EventCountry "USA"]
[SourceTitle "EXT 2025"]
[Source "ChessBase"]
[SourceDate "2024.10.14"]
[SourceVersion "1"]
[SourceVersionDate "2024.10.14"]
[SourceQuality "1"]

1. e4 c6 2. Nc3 d5 3. Nf3 dxe4 4. Nxe4 Nf6 5. Qe2 Nxe4 6. Qxe4 e6 7. d4 Nd7 8. Bd3 Nf6 9. Qe2 Qc7 10. Bg5 Be7 11. 0-0-0 Nd5 12. Bxe7 Nxe7 13. Ne5 Ng6 14. g3 Nxe5 15. dxe5 Bd7 16. Qe3 Qa5 17. a3 0-0-0 18. f4 c5 19. Be4 Qc7 20. Rd6 Bc6 21. Rxc6 bxc6 22. Qxc5 Kb7 23. Re1 Qb6 24. Qe7+ Qc7 25. Qb4+ Qb6 26. Qc3 Rd7 27. b4 Rhd8 28. Kb2 Kc7 29. Ka2 Rd2 30. Bd3 R8xd3 31. Qc4 Rd4 32. Qc3 Rd8 33. Re4 Rxh2 34. Rc4 Rdd2 35. Qb3 Qb5 36. a4 Qxc4 37. Qxc4 Rxc2+ 38. Kb3 Rxc4 39. Kxc4 Rg2 40. Kd3 Rxg3+ 41. Kc4 Rf3 42. Kc5 Rxf4 43. a5 Re4 44. b5 Rxe5+ 45. Kb4 Rxb5+ 46. Ka4 h5 47. a6 h4 48. Ka3 h3 49. Ka4 h2 50. Ka3 h1Q 51. Ka4 Qh4+ 52. Ka3 Rg5 53. Ka2 Rg3 54. Kb2 Qh2+ 55. Kc1 Rg1# 0-1

[Event "Titled Tuesday intern op 09th Jul Late"]
[Site "Chess.com INT"]
[Date "2024.07.09"]
[Round "9"]
[White "Ticona Rocabado, Licael Roderick"]
[Black "Devagharan, Devina"]
[Result "1-0"]
[WhiteElo "2338"]
[BlackElo "1860"]
[PlyCount "139"]
[EventDate "2024.07.09"]
[EventType "swiss (blitz)"]
[EventRounds "11"]
[EventCountry "USA"]
[SourceTitle "EXT 2025"]
[Source "ChessBase"]
[SourceDate "2024.10.14"]
[SourceVersion "1"]
[SourceVersionDate "2024.10.14"]
[SourceQuality "1"]

1. Nf3 d5 2. g3 g6 3. Bg2 Bg7 4. 0-0 Nf6 5. d3 0-0 6. Nbd2 c5 7. e4 Nc6 8. exd5 Nxd5 9. Nc4 Bg4 10. h3 Bxf3 11. Bxf3 Rc8 12. Bg2 b5 13. Ne3 Nxe3 14. Bxe3 Bd4 15. Bh6 Bg7 16. Bxg7 Kxg7 17. Re1 Qd6 18. c3 Rfd8 19. Qb3 a6 20. Bxc6 Rxc6 21. a4 Rb6 22. axb5 axb5 23. Ra7 Rd7 24. Rxd7 Qxd7 25. Qa3 b4 26. Qa5 Rb5 27. Qa6 bxc3 28. bxc3 Qxd3 29. c4 Rb1 30. Rxb1 Qxb1+ 31. Kh2 Qf1 32. Qa2 h6 33. Qb2+ Kh7 34. h4 h5 35. Qc2 Kg7 36. Qc3+ Kh7 37. Qc2 Kg7 38. f4 Qf3 39. Qb2+ Kh7 40. Qd2 Qe4 41. Qc1 Qe2+ 42. Kh3 Qg4+ 43. Kg2 Qe2+ 44. Kg1 Qd3 45. Kf2 Qd4+ 46. Ke2 Kg7 47. Qc2 Kh7 48. Qb3 Qe4+ 49. Kd2 Qd4+ 50. Kc2 Kg7 51. Kb1 e5 52. fxe5 Qxe5 53. Ka2 Qe2+ 54. Ka3 Qe5 55. Ka4 Kf6 56. Qf3+ Ke7 57. Kb5 Qd6 58. Qb7+ Ke6 59. Qc8+ Qd7+ 60. Qxd7+ Kxd7 61. Kxc5 Kc7 62. Kd5 f6 63. Ke6 g5 64. Kxf6 gxh4 65. gxh4 Kc6 66. Kg5 Kc5 67. Kxh5 Kxc4 68. Kg6 Kd5 69. h5 Ke6 70. h6 1-0

[Event "Titled Tuesday intern op 25th Jun Late"]
[Site "Chess.com INT"]
[Date "2024.06.25"]
[Round "2"]
[White "Devagharan, Devina"]
[Black "Skotheim, Andreas"]
[Result "1/2-1/2"]
[WhiteElo "1860"]
[BlackElo "2225"]
[PlyCount "44"]
[EventDate "2024.06.25"]
[EventType "swiss (blitz)"]
[EventRounds "11"]
[EventCountry "USA"]
[SourceTitle "EXT 2025"]
[Source "ChessBase"]
[SourceDate "2024.10.14"]
[SourceVersion "1"]
[SourceVersionDate "2024.10.14"]
[SourceQuality "1"]

1. d4 d5 2. c4 c5 3. Nf3 Nf6 4. Nc3 Nc6 5. cxd5 Nxd5 6. e4 Nxc3 7. bxc3 cxd4 8. cxd4 g6 9. Be3 Bg7 10. Qd2 Bg4 11. Rd1 0-0 12. Be2 Rc8 13. 0-0 Qa5 14. h3 Bxf3 15. Bxf3 Rfd8 16. d5 Bc3 17. Qe2 Nb4 18. Bg4 Rc7 19. Bf4 Rc5 20. Be3 Rc7 21. Bf4 Rc5 22. Be3 Rc7 1/2-1/2

[Event "Titled Tuesday intern op 28th May Early"]
[Site "Chess.com INT"]
[Date "2024.05.28"]
[Round "1"]
[White "Devagharan, Devina"]
[Black "Sarrau, Jelle"]
[Result "0-1"]
[WhiteElo "1860"]
[BlackElo "2366"]
[PlyCount "100"]
[EventDate "2024.05.28"]
[EventType "swiss (blitz)"]
[EventRounds "11"]
[EventCountry "USA"]
[SourceTitle "EXT 2025"]
[Source "ChessBase"]
[SourceDate "2024.10.14"]
[SourceVersion "1"]
[SourceVersionDate "2024.10.14"]
[SourceQuality "1"]

1. d4 d5 2. c4 c6 3. Nc3 dxc4 4. a4 e5 5. e3 exd4 6. exd4 Be6 7. Nf3 Bb4 8. Ne5 Qe7 9. Be2 Nd7 10. 0-0 Nxe5 11. dxe5 Rd8 12. Qc2 Qc7 13. Bf4 Ne7 14. Na2 Bc5 15. Bxc4 Bxc4 16. Qxc4 Rd4 17. Qxc5 Rxf4 18. Rad1 0-0 19. Nc3 Ng6 20. Rfe1 b6 21. Qd6 Qxd6 22. exd6 Rd8 23. d7 Kf8 24. Rd6 Rf6 25. Ne4 Rxd6 26. Nxd6 Ne7 27. Nc8 Rxd7 28. Nxe7 Rxe7 29. Rc1 c5 30. Kf1 Rd7 31. Rc2 Rd4 32. b3 Ke7 33. Ke2 Kd6 34. Ke3 a5 35. f3 f5 36. g3 g5 37. f4 Re4+ 38. Kf3 gxf4 39. gxf4 Rb4 40. Rd2+ Ke6 41. Re2+ Kf6 42. Re3 h5 43. Kg3 h4+ 44. Kf3 Rd4 45. Rc3 Rd2 46. Re3 Rxh2 47. Re8 Rh3+ 48. Kg2 Rxb3 49. Rh8 h3+ 50. Kh2 Ke6 0-1

[Event "Titled Tuesday intern op 28th May Early"]
[Site "Chess.com INT"]
[Date "2024.05.28"]
[Round "5"]
[White "Devagharan, Devina"]
[Black "Tiitta, Sauli"]
[Result "1-0"]
[WhiteElo "1860"]
[BlackElo "2148"]
[PlyCount "95"]
[EventDate "2024.05.28"]
[EventType "swiss (blitz)"]
[EventRounds "11"]
[EventCountry "USA"]
[SourceTitle "EXT 2025"]
[Source "ChessBase"]
[SourceDate "2024.10.14"]
[SourceVersion "1"]
[SourceVersionDate "2024.10.14"]
[SourceQuality "1"]

1. d4 c5 2. d5 h6 3. c4 d6 4. Nc3 g5 5. e4 Bg7 6. Qc2 Nd7 7. Bd3 Ne5 8. Nge2 Nf6 9. h3 Bd7 10. Be3 Qa5 11. Bd2 Qc7 12. Ng3 a6 13. a4 0-0-0 14. a5 Kb8 15. Na4 Ng6 16. Nb6 Nh4 17. Kf1 Rhf8 18. Nf5 Bxf5 19. exf5 e6 20. Re1 exf5 21. Bxf5 Rfe8 22. Re3 Rxe3 23. Bxe3 Re8 24. g3 Nf3 25. Kg2 Ne5 26. b4 g4 27. h4 Ng6 28. Bxg6 fxg6 29. bxc5 dxc5 30. Rb1 Ne4 31. Na4 Qe5 32. Nxc5 Nxc5 33. Bxc5 Qe4+ 34. Qxe4 Rxe4 35. Bd6+ Kc8 36. c5 Bd4 37. Bf8 Re2 38. Rf1 h5 39. c6 bxc6 40. dxc6 Kc7 41. Be7 Kxc6 42. Bg5 Kb5 43. Bf4 Kxa5 44. Kg1 Kb5 45. Rb1+ Kc4 46. Be3 Bxe3 47. fxe3 Rxe3 48. Rc1+ 1-0

[Event "Titled Tuesday intern op 28th May Early"]
[Site "Chess.com INT"]
[Date "2024.05.28"]
[Round "2"]
[White "Roberson, Peter T"]
[Black "Devagharan, Devina"]
[Result "1-0"]
[WhiteElo "2425"]
[BlackElo "1860"]
[PlyCount "65"]
[EventDate "2024.05.28"]
[EventType "swiss (blitz)"]
[EventRounds "11"]
[EventCountry "USA"]
[SourceTitle "EXT 2025"]
[Source "ChessBase"]
[SourceDate "2024.10.14"]
[SourceVersion "1"]
[SourceVersionDate "2024.10.14"]
[SourceQuality "1"]

1. Nf3 d5 2. g3 Nf6 3. Bg2 g6 4. 0-0 Bg7 5. c4 c6 6. d3 0-0 7. Nc3 Nbd7 8. Qc2 e5 9. e4 d4 10. Ne2 Ne8 11. b4 c5 12. Nd2 Rb8 13. f4 f5 14. bxc5 Nxc5 15. Ba3 b6 16. fxe5 Bxe5 17. Nf3 Qd6 18. exf5 Bxf5 19. Nxe5 Qxe5 20. Nf4 Nf6 21. Rae1 Qd6 22. Nd5 Nxd5 23. Bxd5+ Kg7 24. Bb2 Ne6 25. Rxf5 Rxf5 26. Rxe6 Qc5 27. Qe2 Rbf8 28. Re7+ Kh8 29. Re4 Qb4 30. Bxd4+ R8f6 31. Re8+ Kg7 32. Qe7+ Kh6 33. Qxb4 1-0

[Event "Titled Tuesday intern op 19th Dec Late"]
[Site "Chess.com INT"]
[Date "2023.12.19"]
[Round "4"]
[White "Devagharan, Devina"]
[Black "Jose Iraeta, Alexandre"]
[Result "1-0"]
[WhiteElo "1766"]
[BlackElo "1960"]
[PlyCount "181"]
[EventDate "2023.12.19"]
[EventType "swiss (blitz)"]
[EventRounds "11"]
[EventCountry "USA"]
[SourceTitle "EXT 2025"]
[Source "ChessBase"]
[SourceDate "2024.10.14"]
[SourceVersion "1"]
[SourceVersionDate "2024.10.14"]
[SourceQuality "1"]

1. d4 d5 2. c4 c6 3. Nc3 Nf6 4. cxd5 cxd5 5. Bf4 e6 6. e3 Bd6 7. Bxd6 Qxd6 8. Nf3 a6 9. Bd3 Nc6 10. 0-0 e5 11. dxe5 Nxe5 12. Be2 0-0 13. Qd4 Nc6 14. Qd2 Bf5 15. Rad1 Rad8 16. Nd4 Ne4 17. Nxf5 Nxd2 18. Nxd6 Nxf1 19. Nf5 Nxh2 20. Kxh2 g6 21. Nd4 Ne5 22. Nf3 Nc4 23. Bxc4 dxc4 24. Nd4 b5 25. a3 Rd7 26. Rh1 Rb8 27. Kg3 Rb6 28. Rh4 Rdb7 29. Re4 a5 30. Ncxb5 Rxb5 31. Nxb5 Rxb5 32. Rxc4 Rxb2 33. Rc5 Ra2 34. Rxa5 Kg7 35. Ra6 h6 36. e4 f6 37. Ra7+ Kf8 38. a4 Ra3+ 39. f3 h5 40. a5 g5 41. a6 Kg8 42. Kf2 h4 43. Ke2 Kf8 44. Kf2 Ke8 45. Ra8+ Kf7 46. a7 Kg7 47. Kg1 Ra2 48. Kh2 Ra5 49. Kh3 Ra2 50. Kh2 Ra5 51. Kh3 Ra2 52. f4 gxf4 53. Kxh4 Ra5 54. Kg4 Kh7 55. Kxf4 Kg7 56. g3 Kh7 57. Ke3 Kg7 58. Kd4 Ra1 59. Kd5 Ra6 60. Kc5 Ra3 61. Kd6 Rd3+ 62. Ke7 Ra3 63. Ke6 Ra6+ 64. Kd7 Ra3 65. Kc6 Rc3+ 66. Kb5 Rb3+ 67. Kc4 Ra3 68. Kd4 Ra1 69. Kd5 Rd1+ 70. Ke6 Ra1 71. Ke7 Ra6 72. Ke8 Ra5 73. Kd7 Ra1 74. g4 Ra2 75. Ke6 Ra6+ 76. Kf5 Ra5+ 77. Kf4 Kh7 78. Ke3 Kg7 79. Kf4 Kh7 80. Rf8 Rxa7 81. Rxf6 Kg7 82. Rf5 Ra1 83. Kg5 Rh1 84. Ra5 Rb1 85. Ra7+ Kg8 86. e5 Rf1 87. Kg6 Rf8 88. e6 Re8 89. e7 Kh8 90. Kf7 Rg8 91. Rd7 1-0

[Event "Titled Tuesday intern op 19th Dec Late"]
[Site "Chess.com INT"]
[Date "2023.12.19"]
[Round "5"]
[White "Devagharan, Devina"]
[Black "Przybylski, Wojciech"]
[Result "0-1"]
[WhiteElo "1766"]
[BlackElo "2308"]
[PlyCount "130"]
[EventDate "2023.12.19"]
[EventType "swiss (blitz)"]
[EventRounds "11"]
[EventCountry "USA"]
[SourceTitle "EXT 2025"]
[Source "ChessBase"]
[SourceDate "2024.10.14"]
[SourceVersion "1"]
[SourceVersionDate "2024.10.14"]
[SourceQuality "1"]

1. d4 Nf6 2. c4 e6 3. Nc3 Bb4 4. e3 0-0 5. Nf3 d5 6. cxd5 exd5 7. Be2 c6 8. 0-0 Re8 9. Ne5 Nbd7 10. f4 Bxc3 11. bxc3 Ne4 12. Bd3 f6 13. Nxd7 Bxd7 14. c4 Be6 15. Qc2 f5 16. Bxe4 fxe4 17. c5 Rf8 18. Rb1 Rf7 19. a4 Qh4 20. Qf2 Qh5 21. a5 a6 22. Ba3 Raf8 23. Qd2 Bc8 24. Qd1 Qh4 25. Bb4 Kh8 26. Be1 Qf6 27. Bg3 Qg6 28. Qe2 Rf5 29. Qd2 Qe8 30. Rb6 h6 31. Rfb1 R8f7 32. Rf1 Qd8 33. Rfb1 Qc7 34. Qe2 R5f6 35. Qd2 Kh7 36. Qe2 Rg6 37. Qd2 Qd8 38. Qf2 Qd7 39. Qe2 Qf5 40. Qf2 Qh5 41. R6b2 Qg4 42. Qe2 Qf5 43. Qf2 h5 44. Qe2 Qf6 45. Qxh5+ Rh6 46. Qg5 Qe6 47. Qe5 Qg4 48. Qg5 Qd7 49. Rf2 Rf5 50. Qg4 Qc7 51. Qe2 Qxa5 52. h3 Rf7 53. Bh2 Kg8 54. Rbf1 Qa3 55. f5 Qa5 56. Be5 Qd8 57. Kh2 Bd7 58. g4 Qh4 59. Kg1 Qxh3 60. Rg2 Qh4 61. Rb1 Qh1+ 62. Kf2 Qxb1 63. g5 Rxf5+ 64. Bf4 Rh1 65. Kg3 Rf8 0-1

[Event "Titled Tuesday intern op 19th Dec Late"]
[Site "Chess.com INT"]
[Date "2023.12.19"]
[Round "11"]
[White "Gao, Raymond"]
[Black "Devagharan, Devina"]
[Result "1-0"]
[WhiteElo "2001"]
[BlackElo "1766"]
[PlyCount "51"]
[EventDate "2023.12.19"]
[EventType "swiss (blitz)"]
[EventRounds "11"]
[EventCountry "USA"]
[SourceTitle "EXT 2025"]
[Source "ChessBase"]
[SourceDate "2024.10.14"]
[SourceVersion "1"]
[SourceVersionDate "2024.10.14"]
[SourceQuality "1"]

1. a3 d5 2. Nf3 Nf6 3. e3 g6 4. c4 Bg7 5. cxd5 Nxd5 6. Nc3 Nxc3 7. bxc3 c5 8. d4 Nc6 9. Be2 0-0 10. 0-0 Bg4 11. Rb1 Qc7 12. h3 Bf5 13. Bd3 Bxd3 14. Qxd3 a6 15. e4 Rfd8 16. d5 Na5 17. c4 b6 18. g3 Nb7 19. Bf4 e5 20. dxe6 Rxd3 21. Bxc7 Rxf3 22. Rxb6 Na5 23. e7 Re8 24. Rb8 f6 25. Rxe8+ Kf7 26. Ra8 1-0

[Event "Titled Tuesday intern op 19th Dec Late"]
[Site "Chess.com INT"]
[Date "2023.12.19"]
[Round "3"]
[White "Mokshanov, Alexey"]
[Black "Devagharan, Devina"]
[Result "1-0"]
[WhiteElo "2342"]
[BlackElo "1766"]
[PlyCount "111"]
[EventDate "2023.12.19"]
[EventType "swiss (blitz)"]
[EventRounds "11"]
[EventCountry "USA"]
[SourceTitle "EXT 2025"]
[Source "ChessBase"]
[SourceDate "2024.10.14"]
[SourceVersion "1"]
[SourceVersionDate "2024.10.14"]
[SourceQuality "1"]

1. e4 c5 2. Nf3 d6 3. c3 Nf6 4. h3 g6 5. Bd3 Bg7 6. 0-0 0-0 7. Bc2 e5 8. d4 Nc6 9. dxc5 dxc5 10. Bg5 Be6 11. Bxf6 Bxf6 12. Qe2 Qc7 13. Bb3 Bxb3 14. axb3 Rfd8 15. Na3 a6 16. Nc4 Ne7 17. Ne3 Qc6 18. Ng4 Bg7 19. Ngxe5 Qe6 20. Nd3 Qxb3 21. Nxc5 Qb6 22. Nd3 Rac8 23. Rfd1 Nc6 24. Nf4 Ne5 25. Nd5 Qe6 26. Nxe5 Bxe5 27. Rd3 Kg7 28. Rad1 Rd7 29. f4 Bc7 30. Qe3 Rxd5 31. Rxd5 Bb6 32. R5d4 Bxd4 33. Qxd4+ Kg8 34. Kh1 Re8 35. e5 Qf5 36. Qd7 Qxd7 37. Rxd7 Rb8 38. Kg1 b5 39. Kf2 b4 40. Ke3 bxc3 41. bxc3 Rb3 42. Rc7 a5 43. g4 a4 44. Kd4 Ra3 45. Ra7 Ra1 46. f5 gxf5 47. gxf5 Kg7 48. e6 a3 49. Rxf7+ Kg8 50. Ra7 a2 51. Kc4 Rf1 52. Rxa2 Rxf5 53. Ra8+ Kg7 54. e7 Rf4+ 55. Kb3 Re4 56. e8Q 1-0

[Event "Titled Tuesday intern op 31st Oct Late"]
[Site "Chess.com INT"]
[Date "2023.10.31"]
[Round "3"]
[White "Devagharan, Devina"]
[Black "Slavin, Alexei"]
[Result "1-0"]
[WhiteElo "1766"]
[BlackElo "2364"]
[PlyCount "79"]
[EventDate "2023.10.31"]
[EventType "swiss (blitz)"]
[EventRounds "11"]
[EventCountry "USA"]
[SourceTitle "EXT 2025"]
[Source "ChessBase"]
[SourceDate "2024.10.14"]
[SourceVersion "1"]
[SourceVersionDate "2024.10.14"]
[SourceQuality "1"]

1. d4 Nc6 2. c4 e5 3. d5 Nce7 4. Nc3 Ng6 5. e4 Bc5 6. Bd3 Nf6 7. h3 a6 8. Nge2 0-0 9. g4 d6 10. Ng3 Nf4 11. Qf3 Nxd3+ 12. Qxd3 c6 13. g5 Ne8 14. Bd2 Nc7 15. a4 cxd5 16. cxd5 f6 17. b4 Bxb4 18. h4 Bc5 19. Nf5 b5 20. axb5 axb5 21. Rxa8 Nxa8 22. Rg1 g6 23. gxf6 Qxf6 24. Bg5 Qh8 25. Nh6+ Kg7 26. Nd1 Nb6 27. Qxb5 Bd7 28. Qa6 Rf3 29. Qb7 Qf8 30. Rg2 Kh8 31. h5 Bb5 32. hxg6 Bb4+ 33. Bd2 Bxd2+ 34. Kxd2 hxg6 35. Ng4 Rd3+ 36. Kc2 Qc8+ 37. Qxc8+ Nxc8 38. Nde3 Kg7 39. Rh2 Ne7 40. f3 1-0

[Event "Titled Tuesday intern op 31st Oct Late"]
[Site "Chess.com INT"]
[Date "2023.10.31"]
[Round "1"]
[White "Devagharan, Devina"]
[Black "Szpar, Milosz"]
[Result "0-1"]
[WhiteElo "1766"]
[BlackElo "2485"]
[PlyCount "82"]
[EventDate "2023.10.31"]
[EventType "swiss (blitz)"]
[EventRounds "11"]
[EventCountry "USA"]
[SourceTitle "EXT 2025"]
[Source "ChessBase"]
[SourceDate "2024.10.14"]
[SourceVersion "1"]
[SourceVersionDate "2024.10.14"]
[SourceQuality "1"]

1. d4 d5 2. c4 e6 3. Nc3 c6 4. cxd5 exd5 5. Nf3 Bd6 6. Bg5 Ne7 7. e3 Qb6 8. Qd2 h6 9. Bxe7 Bxe7 10. Bd3 Be6 11. 0-0 Nd7 12. a3 a5 13. Rac1 0-0 14. Bb1 f5 15. Ne5 Nxe5 16. dxe5 Rad8 17. Rfd1 Kh8 18. Ne2 Qc7 19. Nf4 Bf7 20. e6 Be8 21. Nxd5 Qe5 22. Nxe7 Rxd2 23. Rxd2 Qxe6 24. Nxf5 Rxf5 25. Bxf5 Qxf5 26. Rcd1 Kh7 27. Rd8 Bh5 28. f3 Qf6 29. R8d2 c5 30. Rc1 Qe5 31. Rc3 b5 32. Rdc2 b4 33. axb4 cxb4 34. Rd3 Qb5 35. Rcd2 Bf7 36. e4 a4 37. Kf2 Qc5+ 38. Kg3 a3 39. bxa3 bxa3 40. Rd1 a2 41. Ra1 Qe5+ 0-1

[Event "Titled Tuesday intern op 31st Oct Late"]
[Site "Chess.com INT"]
[Date "2023.10.31"]
[Round "7"]
[White "Kochiev, Ivan"]
[Black "Devagharan, Devina"]
[Result "1-0"]
[WhiteElo "2053"]
[BlackElo "1766"]
[PlyCount "69"]
[EventDate "2023.10.31"]
[EventType "swiss (blitz)"]
[EventRounds "11"]
[EventCountry "USA"]
[SourceTitle "EXT 2025"]
[Source "ChessBase"]
[SourceDate "2024.10.14"]
[SourceVersion "1"]
[SourceVersionDate "2024.10.14"]
[SourceQuality "1"]

1. e4 c5 2. Nf3 d6 3. d4 cxd4 4. Nxd4 Nf6 5. f3 Nc6 6. c4 g6 7. Nc3 Bg7 8. Be3 0-0 9. Be2 Nxd4 10. Bxd4 Nd7 11. Be3 Qa5 12. 0-0 Nf6 13. Qd2 Qc7 14. Rac1 b6 15. Rfd1 Bb7 16. b4 Rac8 17. a4 Rfd8 18. Nd5 Qd7 19. b5 Bxd5 20. cxd5 Qb7 21. Rc6 Nd7 22. Rdc1 Ne5 23. a5 bxa5 24. Qxa5 Nxc6 25. bxc6 Qb2 26. Ba6 Bd4 27. Bxd4 Qxc1+ 28. Kf2 Rb8 29. c7 Rdc8 30. cxb8Q Rxb8 31. Be2 h5 32. Qxa7 Rc8 33. Qxe7 Qf4 34. g3 Qh6 35. Qxd6 1-0